[Event "ISL-chT2 1516"]
[Site "Reykjavik"]
[Date "2016.03.05"]
[Round "7.4"]
[White "Palmarsson, Erlingur Atli"]
[Black "Benediktsson, Thorir"]
[Result "0-1"]
[WhiteElo "1515"]
[BlackElo "1913"]
[PlyCount "76"]
[EventDate "2015.09.25"]
[EventType "team-tourn"]
[EventRounds "7"]
[EventCountry "ISL"]
[SourceTitle "EXT 2017"]
[Source "ChessBase"]
[SourceDate "2016.10.25"]
[SourceVersion "1"]
[SourceVersionDate "2016.10.25"]
[SourceQuality "1"]
[WhiteTeam "Selfoss"]
[BlackTeam "Reykjavik III"]
[WhiteTeamCountry "ISL"]
[BlackTeamCountry "ISL"]

1. d4 d5 2. c4 e6 3. e3 c6 4. Nc3 Nf6 5. Bd3 dxc4 6. Bxc4 b5 7. Bd3 Bb7 8. Nf3 Nbd7 9. a4 b4 10. Ne2 a5 11. 0-0 Bd6 12. b3 e5 13. dxe5 Nxe5 14. Nxe5 Bxe5 15. Rb1 0-0 16. h3 c5 17. Bc4 Qe7 18. Bb2 Rad8 19. Qc1 Ne4 20. Bxe5 Qxe5 21. Qc2 Nd2 22. Bd3 Nxb1 23. Rxb1 Rxd3 24. Qxd3 Be4 25. Qd1 Bxb1 26. Qxb1 Rd8 27. Qc2 Qa1+ 28. Kh2 Qe5+ 29. g3 h6 30. Nf4 Qc3 31. Qf5 Qxb3 32. Qxc5 Qxa4 33. Nd5 b3 34. Ne7+ Kh8 35. Qh5 b2 36. Qxf7 b1Q 37. Ng6+ Kh7 38. Nh4 Qad1 0-1

[Event "ISL-chT2 1516"]
[Site "Reykjavik"]
[Date "2015.09.26"]
[Round "3.2"]
[White "Benediktsson, Thorir"]
[Black "Ingibergsson, Valgard"]
[Result "1/2-1/2"]
[WhiteElo "1913"]
[BlackElo "1874"]
[PlyCount "66"]
[EventDate "2015.09.25"]
[EventType "team-tourn"]
[EventRounds "7"]
[EventCountry "ISL"]
[SourceTitle "EXT 2017"]
[Source "ChessBase"]
[SourceDate "2016.10.25"]
[SourceVersion "1"]
[SourceVersionDate "2016.10.25"]
[SourceQuality "1"]
[WhiteTeam "Reykjavik III"]
[BlackTeam "Gardabaer"]
[WhiteTeamCountry "ISL"]
[BlackTeamCountry "ISL"]

1. e4 e5 2. Nf3 Nc6 3. d4 exd4 4. Nxd4 Nge7 5. Bc4 Nxd4 6. Qxd4 Nc6 7. Qd5 Qe7 8. 0-0 Ne5 9. Bb3 c6 10. Qd1 Qd6 11. Qe2 Be7 12. Nc3 0-0 13. f4 Ng6 14. Be3 Kh8 15. Qh5 Qf6 16. Rad1 b6 17. g3 Bb4 18. f5 Ne7 19. Bg5 Qe5 20. f6 Ng8 21. Bh6 Qc5+ 22. Kh1 Nxh6 23. fxg7+ Kxg7 24. e5 Bxc3 25. Qg5+ Kh8 26. Qf6+ Kg8 27. bxc3 Qe3 28. Rf4 d5 29. exd6 Be6 30. Qg5+ Kh8 31. Qf6+ Kg8 32. Qg5+ Kh8 33. Qf6+ Kg8 1/2-1/2

[Event "Reykjavik-ch"]
[Site "Reykjavik"]
[Date "2009.01.21"]
[Round "5"]
[White "Bjornsson, Sigurbjorn"]
[Black "Benediktsson, Thorir"]
[Result "1-0"]
[WhiteElo "2324"]
[BlackElo "1907"]
[PlyCount "47"]
[EventDate "2009.01.11"]
[EventType "swiss"]
[EventRounds "9"]
[EventCountry "ISL"]
[SourceTitle "EXT 2010"]
[Source "ChessBase"]
[SourceDate "2010.11.25"]
[SourceVersion "1"]
[SourceVersionDate "2010.11.25"]
[SourceQuality "1"]

1. e4 c5 2. Nf3 e6 3. d4 cxd4 4. Nxd4 a6 5. Nc3 Qc7 6. Be3 Bb4 7. Qd3 Nf6 8. Be2 Nxe4 9. Qxe4 Bxc3+ 10. Kf1 Bxb2 11. Rb1 Bc3 12. Rb3 d5 13. Qh4 Nd7 14. g4 Nf6 15. f3 e5 16. Nf5 Bxf5 17. gxf5 d4 18. Bh6 Nd5 19. Bxg7 Ne3+ 20. Kf2 Qc5 21. Bd3 Rg8 22. Qf6 b5 23. Rg1 Nxc2 24. Rc1 1-0

[Event "Reykjavik-ch"]
[Site "Reykjavik"]
[Date "2009.01.18"]
[Round "4"]
[White "Johannesson, Ingvar Thor"]
[Black "Benediktsson, Thorir"]
[Result "1-0"]
[WhiteElo "2345"]
[BlackElo "1907"]
[PlyCount "57"]
[EventDate "2009.01.11"]
[EventType "swiss"]
[EventRounds "9"]
[EventCountry "ISL"]
[SourceTitle "EXT 2010"]
[Source "ChessBase"]
[SourceDate "2010.11.25"]
[SourceVersion "1"]
[SourceVersionDate "2010.11.25"]
[SourceQuality "1"]

1. c4 f5 2. Nc3 Nf6 3. g3 g6 4. Bg2 Bg7 5. Nf3 0-0 6. d4 d6 7. 0-0 c6 8. b3 Qe8 9. Ba3 Na6 10. Re1 h6 11. Qd3 Qf7 12. Nh4 Re8 13. e3 Nc7 14. Rad1 Bd7 15. f4 Rad8 16. e4 fxe4 17. Nxe4 Bf5 18. Nxf5 gxf5 19. Nxf6+ Qxf6 20. d5 c5 21. Re2 e5 22. dxe6 Qd4+ 23. Kf1 Rxe6 24. Rxe6 Nxe6 25. Qe2 Qf6 26. Bd5 Re8 27. Re1 Kf7 28. Qh5+ Kf8 29. Qxe8+ 1-0

[Event "Reykjavik-ch"]
[Site "Reykjavik"]
[Date "2009.01.14"]
[Round "2"]
[White "Kristjansson, Atli Freyr"]
[Black "Benediktsson, Thorir"]
[Result "1/2-1/2"]
[WhiteElo "2105"]
[BlackElo "1907"]
[PlyCount "88"]
[EventDate "2009.01.11"]
[EventType "swiss"]
[EventRounds "9"]
[EventCountry "ISL"]
[SourceTitle "EXT 2010"]
[Source "ChessBase"]
[SourceDate "2010.11.25"]
[SourceVersion "1"]
[SourceVersionDate "2010.11.25"]
[SourceQuality "1"]

1. d4 f5 2. c4 Nf6 3. Nc3 e6 4. Nf3 Bb4 5. Qc2 0-0 6. g3 d6 7. Bg2 Qe8 8. 0-0 Bxc3 9. Qxc3 Qg6 10. e3 a5 11. b3 Nc6 12. Bb2 Bd7 13. Rad1 Ne4 14. Qe1 Ne7 15. Nd2 Bc6 16. f3 Nf6 17. Qe2 Qh5 18. Rde1 Ng6 19. e4 Rae8 20. f4 Qxe2 21. Rxe2 d5 22. e5 Ne4 23. Bxe4 dxe4 24. a4 Rd8 25. Rd1 Rf7 26. Nf1 Rfd7 27. Ne3 b6 28. Ba3 Rxd4 29. Ree1 Kf7 30. Rxd4 Rxd4 31. Rd1 Rxd1+ 32. Nxd1 Bd7 33. Kf2 Ne7 34. Nc3 c6 35. Ke3 Nc8 36. h3 Na7 37. g4 g6 38. g5 c5 39. Ne2 Nc6 40. Kd2 Kg7 41. Ke3 h6 42. h4 Bc8 43. Kd2 Bd7 44. Ke3 Bc8 1/2-1/2

[Event "Reykjavik TR-chB"]
[Site "Reykjavik"]
[Date "2008.10.31"]
[Round "3"]
[White "Benediktsson, Thorir"]
[Black "Bergsson, Stefan"]
[Result "0-1"]
[WhiteElo "1912"]
[BlackElo "2093"]
[PlyCount "62"]
[EventDate "2008.10.26"]
[EventType "tourn"]
[EventRounds "9"]
[EventCountry "ISL"]
[SourceTitle "EXT 2010"]
[Source "ChessBase"]
[SourceDate "2010.11.25"]
[SourceVersion "1"]
[SourceVersionDate "2010.11.25"]
[SourceQuality "1"]

1. e4 c5 2. Nf3 d6 3. d4 cxd4 4. Nxd4 Nf6 5. Nc3 a6 6. Bc4 e6 7. Bb3 b5 8. 0-0 Be7 9. Qf3 0-0 10. Re1 Bb7 11. a3 Nbd7 12. Qg3 Nc5 13. f3 Rc8 14. Be3 Nfd7 15. Bf2 Ne5 16. Rad1 Nc4 17. Bxc4 bxc4 18. f4 Qa5 19. Qh3 Ba8 20. e5 Rfd8 21. exd6 Bxd6 22. f5 e5 23. Nf3 f6 24. Nd2 Na4 25. Nde4 Be7 26. Rxd8+ Rxd8 27. Nxa4 Qxa4 28. Qc3 Bd5 29. g4 Qc6 30. Qe3 Rb8 31. g5 Rxb2 0-1

[Event "Reykjavik TR-chB"]
[Site "Reykjavik"]
[Date "2008.10.29"]
[Round "2"]
[White "Gardarsson, Hordur"]
[Black "Benediktsson, Thorir"]
[Result "1/2-1/2"]
[WhiteElo "1965"]
[BlackElo "1912"]
[PlyCount "58"]
[EventDate "2008.10.26"]
[EventType "tourn"]
[EventRounds "9"]
[EventCountry "ISL"]
[SourceTitle "EXT 2010"]
[Source "ChessBase"]
[SourceDate "2010.11.25"]
[SourceVersion "1"]
[SourceVersionDate "2010.11.25"]
[SourceQuality "1"]

1. d4 f5 2. c4 g6 3. Nc3 Nf6 4. g3 Bg7 5. Bg2 0-0 6. Nh3 d6 7. d5 Na6 8. Nf4 Nc5 9. Be3 Nce4 10. Bd4 c6 11. 0-0 Qe8 12. Rc1 e5 13. dxe6 Bxe6 14. Nxe6 Qxe6 15. f3 Ng5 16. b3 Rfe8 17. Qd3 Nf7 18. f4 Ne4 19. Bxg7 Kxg7 20. Nxe4 fxe4 21. Qd4+ Qf6 22. Qxf6+ Kxf6 23. Rcd1 Rad8 24. e3 Nh6 25. Bh3 Nf5 26. Bxf5 gxf5 27. Rd2 Ke6 28. Rfd1 h5 29. h4 Rg8 1/2-1/2

[Event "Hafnarfjordur-ch"]
[Site "Reykjavik"]
[Date "2007.12.16"]
[Round "7"]
[White "Fridgeirsson, Dagur Andri"]
[Black "Benediktsson, Thorir"]
[Result "0-1"]
[WhiteElo "1804"]
[BlackElo "1956"]
[PlyCount "76"]
[EventDate "2007.12.13"]
[EventType "swiss"]
[EventRounds "7"]
[EventCountry "ISL"]
[SourceTitle "CBM 122 Extra"]
[Source "ChessBase"]
[SourceDate "2008.03.04"]
[SourceVersion "1"]
[SourceVersionDate "2008.03.04"]
[SourceQuality "1"]

1. d4 d5 2. c4 c6 3. cxd5 cxd5 4. Nc3 Nc6 5. Bf4 Nf6 6. Nf3 e6 7. a3 Be7 8. e3 a6 9. Be2 0-0 10. 0-0 Nh5 11. Ne5 Nxf4 12. exf4 f6 13. Nxc6 bxc6 14. Re1 Bd6 15. Qd2 e5 16. dxe5 fxe5 17. fxe5 Bxe5 18. Bf3 Bb8 19. Rad1 Qd6 20. Nxd5 Qxh2+ 21. Kf1 cxd5 22. Qxd5+ Kh8 23. Qxa8 Qh1+ 24. Ke2 Re8+ 25. Kd3 Bf5+ 26. Kc3 Rc8+ 27. Kb3 Qh6 28. Qd5 Qf6 29. Ka2 h6 30. Rc1 Rxc1 31. Re8+ Kh7 32. Bh5 Bb1+ 33. Kb3 Qb6+ 34. Ka4 Bc2+ 35. b3 Bxb3+ 36. Qxb3 Qc6+ 37. Ka5 Bc7+ 38. Kb4 a5# 0-1